Statistics for Top 15 Denver Nuggets players of all-time

Click here to take the quiz!

General Stats

  • This quiz has been taken 14 times
  • The average score is 9 of 15

Answer Stats

Pos/PlacementsAnswer% Correct
SF #1Carmelo Anthony
100%
C #4Nikola Jokic
100%
SF #3Alex English
86%
SG #12Allen Iverson
86%
PG #13Jamal Murray
79%
C #7Dikembe Mutombo
71%
PG #2David Thompson
64%
PG #8Chauncey Billups
57%
PF #14Bobby Jones
43%
SF #15Danilo Gallinari
43%
PF #5Dan Issel
43%
PG #6Fat Lever
43%
PG #11Mahamad Abdul-Rauf
36%
C #10Marcus Camby
36%
SF #9Kiki Vanderweghe
7%

Score Distribution

Percentile by Number Answered

Percent of People with Each Score

Your Score History

You have not taken this quiz